[Event "Girona Gerunda op"]
[Site "Girona"]
[Date "2022.05.13"]
[Round "4"]
[White "Sempere Chavanat, Iscle"]
[Black "Ayllon Rodriguez, Joan Pedro"]
[Result "1/2-1/2"]
[WhiteElo "1902"]
[BlackElo "2061"]
[PlyCount "44"]
[EventDate "2022.04.22"]
[EventType "swiss"]
[EventRounds "8"]
[EventCountry "ESP"]
[SourceTitle "EXT 2023"]
[Source "ChessBase"]
[SourceDate "2022.10.05"]
[SourceVersion "1"]
[SourceVersionDate "2022.10.05"]
[SourceQuality "1"]

1. Nf3 c5 2. b3 Nf6 3. Bb2 e6 4. e3 a6 5. Be2 Be7 6. 0-0 0-0 7. c4 Nc6 8. d4 cxd4 9. Nxd4 Nxd4 10. Qxd4 d5 11. Rd1 dxc4 12. Qxd8 Rxd8 13. Rxd8+ Bxd8 14. Bxc4 b5 15. Bf1 Bb7 16. Nc3 Rc8 17. Rd1 Be7 18. a3 h6 19. b4 Kf8 20. g3 Ke8 21. Bg2 Bxg2 22. Kxg2 g6 1/2-1/2

[Event "Figueres Nadal op 6th"]
[Site "Figueres"]
[Date "2016.12.27"]
[Round "2"]
[White "Gomez, Jose"]
[Black "Sempere Chavanat, Iscle"]
[Result "0-1"]
[WhiteElo "1956"]
[BlackElo "1887"]
[PlyCount "52"]
[EventDate "2016.12.27"]
[EventType "swiss"]
[EventRounds "8"]
[EventCountry "ESP"]
[SourceTitle "CBM 176 Extra"]
[Source "ChessBase"]
[SourceDate "2017.03.02"]
[SourceVersion "1"]
[SourceVersionDate "2017.03.02"]
[SourceQuality "1"]

1. e4 c5 2. Nf3 d6 3. Nc3 g6 4. d4 cxd4 5. Nxd4 Bg7 6. Be3 Nf6 7. f3 0-0 8. Qd2 Nc6 9. 0-0-0 Bd7 10. g4 Ne5 11. h4 Rc8 12. Kb1 Nc4 13. Bxc4 Rxc4 14. h5 Qc8 15. Nde2 b5 16. b3 b4 17. bxc4 bxc3 18. Nxc3 Qxc4 19. Qd4 Qc7 20. Qd3 Rc8 21. Ne2 Ba4 22. Nd4 Nd7 23. Nb3 Ne5 24. Qe2 Nxf3 25. Kc1 Bxb3 26. axb3 Qc3 0-1